Methods of selecting industries for depressed areas, an introduction to feasibiligy studies
保存先:
| 第一著者: | |
|---|---|
| フォーマット: | 図書 |
| 言語: | Undetermined |
| 出版事項: |
Paris
Organisation for Economic Co-operation and Development
1967
|
| 主題: | |
| タグ: |
タグ追加
タグなし, このレコードへの初めてのタグを付けませんか!
|
| Thư viện lưu trữ: | Trung tâm Học liệu Trường Đại học Cần Thơ |
|---|
| LEADER | 00543nam a2200169Ia 4500 | ||
|---|---|---|---|
| 001 | CTU_79297 | ||
| 008 | 210402s9999 xx 000 0 und d | ||
| 082 | |a 658.2 | ||
| 082 | |b K63 | ||
| 100 | |a Klassen, Leo H. | ||
| 245 | 0 | |a Methods of selecting industries for depressed areas, an introduction to feasibiligy studies | |
| 245 | 0 | |c Leo H. Klassen | |
| 260 | |a Paris | ||
| 260 | |b Organisation for Economic Co-operation and Development | ||
| 260 | |c 1967 | ||
| 650 | |a Economic policy | ||
| 980 | |a Trung tâm Học liệu Trường Đại học Cần Thơ | ||